Fiškálne aspekty sociálnej exklúzie dizertačná práca

Salvato in:
Dettagli Bibliografici
Autore principale: Tomčiková, Michaela
Ente Autore: Národohospodárska fakulta EU. Katedra financií
Altri autori: Neubauerová, Erika, 1968-
Natura: Libro
Lingua:slovacco
Pubblicazione: Bratislava 2018
Soggetti:
Tags: Aggiungi Tag
Nessun Tag, puoi essere il primo ad aggiungerne!!

MARC

LEADER 00000nbm a2200000 4500
001 0246530
005 20230227104923.2
041 0 |a slo 
044 |a SK 
245 1 0 |a Fiškálne aspekty sociálnej exklúzie  |b dizertačná práca  |c Michaela Tomčiková ; školiteľ: Erika Neubauerová 
264 1 |a Bratislava  |c 2018 
300 |a 107 s. 
610 2 0 |a politika fiškálna 
610 2 0 |a nerovnosť dôchodková 
610 2 0 |a chudoba 
610 2 0 |a decentralizácia fiškálna 
100 1 |a Tomčiková, Michaela 
700 1 |a Neubauerová, Erika, 1968- 
710 2 |a Národohospodárska fakulta EU. Katedra financií